000 00389nam a2200133 i 4500
001 bg
100 1 _aLISOWSKI, Michał
245 0 _aPomiary indukcyjności wzajemnej jako parametru czujników podatności magnetycznej w niskich temperaturach /
_cM. Lisowski.
260 _aWrocław,
_c1990.
040 _cBPK
041 _apol
942 _cKS
008 s pl f |000 0 pol
999 _c29412
_d29412
856 _uhttp://koha.tu.koszalin.pl/cgi-bin/koha/opac-detail.pl?biblionumber=29412
_yKatalog online BPK